Production planning and control / (Record no. 6091)
[ view plain ]
| 000 -LEADER | |
|---|---|
| fixed length control field | 00744nam a22002532a 4500 |
| 001 - CONTROL NUMBER | |
| JCCL Control Number | 6091 |
| 003 - CONTROL NUMBER IDENTIFIER | |
| JCCL marc code | BD - JCC |
| 005 - DATE AND TIME OF LATEST TRANSACTION | |
| control field | 20180102102959.0 |
| 008 - FIXED-LENGTH DATA ELEMENTS--GENERAL INFORMATION | |
| fixed length control field | 500101s1950 xx 000 0 eng u |
| 035 ## - SYSTEM CONTROL NUMBER | |
| system control number | (BD - JCC )6091 |
| 040 ## - CATALOGING SOURCE | |
| Original cataloging agency | WSU |
| Modifying agency | SER |
| -- | UKM |
| -- | EQO |
| -- | BD - JCC |
| 041 ## - LANGUAGE CODE | |
| Language code of Book | eng |
| 082 ## - DEWEY DECIMAL CLASSIFICATION NUMBER | |
| Classification number | 658.503 |
| DDC Edition number | 18 |
| Author mark and Year | LAN 1950 |
| 090 ## - LOCALLY ASSIGNED LC-TYPE CALL NUMBER (OCLC); LOCAL CALL NUMBER (OCLC) | |
| Classification number (OCLC) (R) ; Classification number, CALL (RLIN) (NR) | TS155 |
| Local cutter number (OCLC) ; Book number/undivided call number, CALL (RLIN) | .L25 |
| 100 1# - MAIN ENTRY--PERSONAL NAME | |
| Personal name | Landy, Thomas M., |
| Dates associated with a name | 1899- |
| 245 10 - TITLE STATEMENT | |
| Title | Production planning and control / |
| Statement of responsibility, etc | Thomas M. Landy |
| 260 ## - PUBLICATION, DISTRIBUTION, ETC. (IMPRINT) | |
| Place of publication, distribution, etc | New York : |
| Name of publisher, distributor, etc | McGraw-Hill, |
| Date of publication, distribution, etc | 1950 |
| 300 ## - PHYSICAL DESCRIPTION | |
| Pagination | 436 p |
| 490 1# - SERIES STATEMENT | |
| Series statement | McGraw-Hill industrial organization and management series |
| 650 #0 - SUBJECT ADDED ENTRY--TOPICAL TERM | |
| Topical term or geographic name as entry element | Factory management |
| 830 #0 - SERIES ADDED ENTRY--UNIFORM TITLE | |
| Uniform title | McGraw-Hill industrial organization and management series |
| 942 ## - ADDED ENTRY ELEMENTS (KOHA) | |
| Source of classification or shelving scheme | Dewey Decimal Classification |
| Koha item type | Books |
| Source of classification or shelving scheme | Damaged status | Not for loan | Home library | Current library | Shelving location | Date of accession | Total Checkouts | Full call number | Barcode | Date last seen | Copy number | Koha item type |
|---|---|---|---|---|---|---|---|---|---|---|---|---|
| Dewey Decimal Classification | JCC Rouf Library | JCC Rouf Library | General Stacks | 01/01/2018 | 658.503 LAN 1950 | 8511 | 01/01/2018 | C - 1 | Books |